Gaming Quiz

Random Gaming Quiz

AoE 2 Unique Units Quiz Stats

 Plays Quiz not verified by Sporcle

Score 0/20 Timer 04:00
0 Plays Today
Civ Unit % Correct
BritonsLongbowman
94.2%
PersiansWar Elephant
92.3%
TeutonsTeutonic Knight
92.3%
JapaneseSamurai
89.7%
AztecsJaguar Warrior
88.4%
Spanish 2Conquistador
83.2%
ByzantinesCataphract
82.6%
TurksJanissary
82.6%
CeltsWoad Raider
80.6%
FranksThrowing Axeman
78.7%
Civ Unit % Correct
GothsHuskarl
78.7%
Vikings 2Longboat
77.4%
MongolsMangudai
76.1%
Spanish 1Missionary
75.5%
SaracensMameluke
74.8%
Koreans 1War Wagon
74.2%
Koreans 2Turtle Ship
74.2%
HunsTarkan
71.6%
MayansPlumed Archer
71.6%
Vikings 1Berserker
67.1%

You're not logged in!

Compare scores with friends on all Sporcle quizzes.
OR
Log In

Show Comments

Extras

Created Oct 29, 2010ReportNominate
Tags:Age of Empires, civ, unique, unit

Top Quizzes Today


Score Distribution

Your Account Isn't Verified!

In order to create a playlist on Sporcle, you need to verify the email address you used during registration. Go to your Sporcle Settings to finish the process.

Report this User

Report this user for behavior that violates our Community Guidelines.

Details: